Loading...
| Science - Biology | 0 | 3 | 0 | 1 | 30 | 93 | 106.00 | 1 | 3 | 0.00 | 0.00 |
| History - American | 1 | 1 | 0 | 1 | 25 | 61 | 105.50 | 0 | 2 | 0.00 | 0.00 |
| History - European | 0 | 3 | 1 | 1 | 25 | 105 | 125.33 | 0 | 3 | 0.00 | 0.00 |
| Science - Chemistry | 0 | 2 | 0 | 2 | 20 | 122 | 130.00 | 0 | 2 | 0.00 | 0.00 |
| Social Science | 0 | 1 | 0 | 0 | 10 | 82 | 82.00 | 0 | 1 | 0.00 | 0.00 |
| Philosophy | 0 | 1 | 0 | 0 | 10 | 104 | 104.00 | 1 | 1 | 0.00 | 0.00 |
| Literature - European | 0 | 1 | 0 | 0 | 10 | 128 | 128.00 | 0 | 1 | 0.00 | 0.00 |
| Beliefs | 0 | 1 | 1 | 0 | 5 | 87 | 87.00 | 0 | 1 | 0.00 | 0.00 |
| Science - Physics | 0 | 1 | 1 | 0 | 5 | 135 | 135.00 | 0 | 1 | 0.00 | 0.00 |
| 0 | 1 | 1 | 1 | 5 | 132 | 132.00 | 0 | 1 | 0.00 | 0.00 | |
| Fine Arts - Auditory | 0 | 0 | 0 | 0 | 0 | 0.00 | 0 | 0 | 0.00 | 0.00 | |
| Geography | 0 | 0 | 0 | 0 | 0 | 0.00 | 0 | 0 | 0.00 | 0.00 | |
| Fine Arts - Visual | 0 | 0 | 1 | 0 | -5 | 0.00 | 0 | 0 | 0.00 | 0.00 | |
| Other Science: Math | 0 | 0 | 1 | 0 | -5 | 0.00 | 0 | 0 | 0.00 | 0.00 |